LEADER 01048nam0 22002651i 450 001 SUN0023564 005 20050301120000.0 010 $a88-7597-007-6 100 $a20040913d1985 |0itac50 ba 101 $aita 102 $aIT 105 $a|||| ||||| 200 1 $aValadier$esegno e architettura$ecalcografia 15 novembre 1985-15 gennaio 1986$fcatalogo a cura di Elisa Debenedetti 210 $aRoma$cMultigrafica$d1985 215 $a444 p.$cill.$d24 cm. 606 $aValadier, Giuseppe$2FI$3SUNC014603 620 $dRoma$3SUNL000360 702 1$aDebenedetti$b, Elisa$3SUNV019660 712 $aMultigrafica$3SUNV000402$4650 801 $aIT$bSOL$c20181109$gRICA 912 $aSUN0023564 950 $aBIBLIOTECA DEL DIPARTIMENTO DI ARCHITETTURA E DISEGNO INDUSTRIALE$d01 PREST IBb354 $e01 28465 995 $aBIBLIOTECA DEL DIPARTIMENTO DI ARCHITETTURA E DISEGNO INDUSTRIALE$bIT-CE0107$h28465$kPREST IBb354$op$qa 996 $aValadier$91026351 997 $aUNICAMPANIA LEADER 02735nam 2200709 450 001 9910449916603321 005 20211005203533.0 010 $a1-60256-770-0 010 $a0-585-27901-2 010 $a1-280-47018-6 010 $a9786610470181 010 $a1-4237-3651-6 010 $a0-19-535380-3 010 $a1-60256-221-0 035 $a(CKB)1000000000028865 035 $a(EBL)272973 035 $a(OCoLC)171572012 035 $a(SSID)ssj0000175984 035 $a(PQKBManifestationID)11177227 035 $a(PQKBTitleCode)TC0000175984 035 $a(PQKBWorkID)10204320 035 $a(PQKB)11308917 035 $a(MiAaPQ)EBC272973 035 $a(MiAaPQ)EBC4311792 035 $a(Au-PeEL)EBL4311792 035 $a(CaPaEBR)ebr11271445 035 $a(OCoLC)80242056 035 $a(MiAaPQ)EBC4083435 035 $a(MiAaPQ)EBC279510 035 $a(Au-PeEL)EBL279510 035 $a(OCoLC)45733555 035 $a(EXLCZ)991000000000028865 100 $a20161012h19981998 uy 0 101 0 $aeng 135 $aur|n|---||||| 181 $ctxt 182 $cc 183 $acr 200 14$aThe idea of human rights $efour inquiries /$fMichael J. Perry 210 1$aOxford, England :$cOxford University Press,$d1998. 210 4$dİ1998 215 $a1 online resource (171 p.) 300 $aIncludes index. 311 $a0-19-513828-7 311 $a0-19-511636-4 320 $aIncludes bibliographical references (p. 107-157) and index. 327 $aContents; Introduction The Idea of Human Rights; CHAPTER ONE: Is the Idea of Human Rights Ineliminably Religious?; CHAPTER TWO: Rights Talk: What Does It Mean? And Is It Problematic?; CHAPTER THREE: Are Human Rights Universal? The Relativist Challenge and Related Matters; CHAPTER FOUR: Are Human Rights Absolute? The Incommensurability Thesis and Related Matters; Notes; Index; A; B; C; D; E; F; G; H; I; J; K; L; M; N; O; P; Q; R; S; T; U; V; W; Y; 330 $aThe author of this work explores the complex issue of human rights, the legal and moral dimensions of "rights" rhetoric itself and the social, political, and philosophical implications, particularly at the international level. He argues that the concept of human rights is inescapably religious. 606 $aHuman rights$xReligious aspects 606 $aHuman rights$xPhilosophy 608 $aElectronic books. 615 0$aHuman rights$xReligious aspects. 615 0$aHuman rights$xPhilosophy. 676 $a323/.01 700 $aPerry$b Michael J.$0545562 801 0$bMiAaPQ 801 1$bMiAaPQ 801 2$bMiAaPQ 906 $aBOOK 912 $a9910449916603321 996 $aThe idea of human rights$92448621 997 $aUNINA LEADER 04698nam 22007454a 450 001 9910955714603321 005 20251116204201.0 010 $a1-134-42143-5 010 $a9786610289721 010 $a0-415-30016-9 010 $a1-134-42144-3 010 $a0-203-50600-6 010 $a1-280-28972-4 024 7 $a10.4324/9780203506004 035 $a(CKB)1000000000445966 035 $a(SSID)ssj0000305930 035 $a(PQKBManifestationID)11228732 035 $a(PQKBTitleCode)TC0000305930 035 $a(PQKBWorkID)10294205 035 $a(PQKB)10511061 035 $a(SSID)ssj0000908274 035 $a(PQKBManifestationID)12370518 035 $a(PQKBTitleCode)TC0000908274 035 $a(PQKBWorkID)10917272 035 $a(PQKB)11595261 035 $a(MiAaPQ)EBC182476 035 $a(Au-PeEL)EBL182476 035 $a(CaPaEBR)ebr10162430 035 $a(CaONFJC)MIL28972 035 $a(OCoLC)252758772 035 $a(EXLCZ)991000000000445966 100 $a20040608d2005 uy 0 101 0 $aeng 135 $aurcn||||||||| 181 $ctxt 182 $cc 183 $acr 200 00$aPhilosophy and the sciences of exercise, health and sport $ecritical perspectives on research methods /$fedited by Mike McNamee 205 $a1st ed. 210 $aLondon ;$aNew York $cRoutledge$d2005 215 $axiii, 253 p. $cill 300 $aBibliographic Level Mode of Issuance: Monograph 311 08$a0-415-35340-8 311 08$a0-203-60083-5 320 $aIncludes bibliographical references and index. 327 $achapter 1 Positivism, Popper and Paradigms: An Introductory Essay in the Philosophy of Science -- chapter 2 Must Scientists Think Philosophically About Science? -- chapter 3 Can Physiology Be Both Popperian and Ethical? -- chapter 4 How Does a Foundational Myth Become Sacred Scientific Dogma?: The Case of A.V.Hill and the Amaerobiosis Controversy -- chapter 5 Why Doesn't Sports Psychology Consider Freud? -- chapter 6 Do Statistical Methods Replace Reasoning in Exercise Science Research? How to Avoid Statistics Becoming Merely a Solution in Search of a Problem -- chapter 7 What are the Limitations of Experimental and Theoretical Approaches in Sports Biomechanics? -- chapter 8 Can We Trust Rehydration Research? -- chapter 9 Is Sport and Exercise Science a Man?s Game? -- chapter 10 Autoethnography: Self-indulgence or Rigorous Methodology? -- chapter 11 Is Investigative Sociology Just Investigative Journalism? -- chapter 12 Is Research with and on Students Ethically Defensible -- chapter 13 Obesity, Type 2 Diabetes Mellitus and the Metabolic Syndrome: What are the Choices for Prevention in the Twenty-first Century?. 330 $aPhilosophy and the Sciences of Exercise, Health and Sport is a unique interdisciplinary study that calls on researchers in these disciplines to reflect more critically on the nature and aims of scientific enquiry. In doing so, the book questions the underlying assumptions and development of science itself. Written by a range of internationally respected philosophers, scientists and social scientists, each chapter addresses a key issue in research methodology. Questions asked by the authors include: Do natural and social scientists need to understand the philosophy of science? Are statistics misused in sport and exercise science research? Is sport science research gender-biased? How do external and commercial interests skew professional guidelines in health and sport research? Should scientists focus their attention on confirmation of theories, or on attempts to falsify them? Philosophy and the Sciences of Exercise, Health and Sport serves notice to exercise, health and sport researchers to think more philosophically about their subject and its scientific bases. It is essential reading for postgraduate researchers seeking to establish a sound theoretical foundation for their work. 606 $aSports sciences$xResearch$xMethodology 606 $aExercise$xResearch$xMethodology 606 $aSports$xHealth aspects$xResearch$xMethodology 606 $aExercise$xHealth aspects$xResearch$xMethodology 615 0$aSports sciences$xResearch$xMethodology. 615 0$aExercise$xResearch$xMethodology. 615 0$aSports$xHealth aspects$xResearch$xMethodology. 615 0$aExercise$xHealth aspects$xResearch$xMethodology. 676 $a796/.01 686 $a76.10$2bcl 701 $aMcNamee$b M. J$g(Mike J.)$01872406 801 0$bMiAaPQ 801 1$bMiAaPQ 801 2$bMiAaPQ 906 $aBOOK 912 $a9910955714603321 996 $aPhilosophy and the sciences of exercise, health and sport$94490056 997 $aUNINA